Statistics for Anagram Chain - Tennis Stars

Click here to take the quiz!

General Stats

  • This quiz has been taken 93 times
  • The average score is 10 of 28

Answer Stats

Hint Answer % Correct
Venus, Serena ->WILLIAMS
100%
Remove Ax2; Add E, LLENDL
49%
Remove I, H, N; Add S, Ax2AGASSI
49%
Remove S, M, I, L; Add E, R, N, DWILANDER
48%
Remove R, I, W, E; Add ANADAL
48%
Remove N, S, I; Add R, GGRAF
48%
Remove D, Lx2; Add N, I, HHENIN
47%
Remove N, E; Add S, I, GHINGIS
44%
Remove ASAFIN
43%
Remove G, S; Add N, FSAFINA
40%
Remove R; Add CBECKER
40%
Remove G; Add E, R, TRAFTER
39%
Remove T, A, F; Add E, K, BKERBER
38%
Remove D, R; Add V, O, JDJOKOVIC
36%
Remove G, B; Add R, E, FFEDERER
36%
Remove D, E; Add O, RFERRERO
34%
Remove O, D; Add N, AJANKOVIC
32%
Remove S; Add C, K, Dx2RODDICK
30%
Remove S, P, A, R; Add W, Lx2, Ix2WILLIAMS
30%
Remove R, U, C, E; Add SRIOS
29%
Remove K, C; Add D, GEDBERG
27%
Remove U, T, E; Add S, P, Ax2SAMPRAS
26%
Remove R, E, F; Add I, C, UCOURIER
25%
Remove I, V, K, J, A; Add S, R, O, NCONNORS
25%
Remove O, R, N, S; Add M, B, W, Ex2NEWCOMBE
21%
Remove O, A, M; Add TMUSTER
17%
Remove W, B; Add RMCENROE
16%
Remove C, N, E; Add U, S, A, MMAURESMO
14%

Score Distribution

Percentile by Number Answered

Percent of People with Each Score

Your Score History

You have not taken this quiz